000 00662nam a22002297a 4500
001 86717
003 UA-OsUOA
005 20211105212909.0
007 ta
008 20120910b un ||||| |||| 00| 0 ukr d
040 _aUA-OsUOA
_brus
_cUA-OsUOA
_dUA-OsUOA
041 _arus
080 _a94(47+57)
090 _a94(47+57)
_bМ75
245 _aМолдавская ССР в Великой отечественной войне Советского Союза
_cред. Афтенюк С. Я.
260 _aКишенев
_bШтиинца
_c1976
300 _a674 с.
505 _gт. 2
650 7 _a94 Історія
_2UDC
942 _cBK
_2udc
955 _a1
999 _c372877
_d372877